000 00950nas a2200325 4500
001 BR2013003832
003 BR-BrBNA
005 20231205122334.0
007 ta
008 230509b bl.|||p| |||| 00| 00por d
040 _aBR-BrBNA
_bpor
_cBiblioteca Nacional de Agricultura
041 _a(Pt)
072 _aF30
100 1 _aOliveira, R.A. de
100 1 _aDaros, E.
100 1 _aResende, M.D.V. de
100 1 _aBespalhok Filho, J.C.
100 1 _aZambon, J.L.C.
100 1 _aSouza, T.R. de
100 1 _aLucius, A.S.F.
245 1 _aProcedimento Blupis e seleção massal em cana-de-açúcar
650 _aCANA DE AÇÚCAR
650 _aSELEÇÃO MASSAL
650 _aCRUZAMENTO VEGETAL
650 _aMELHORAMENTO VEGETAL
650 _aHIBRIDAÇÃO
773 0 _tBragantia (Brazil)
_xISSN 0006-8705
_g(oct-dec 2011), v. 70(4) p. 796-800
_wBR2013003832
909 _a202311
_bLúcia
_c55
_dLúcia Elande
942 _2AGRIS
_n0
_cANA
999 _c228146
_d228146